Legenda čili Čítanie o Swätých a Wywolených Božích : Číslo 69. podieľových kníh S odobrením najdôst. Ordinariátu ostrihomského. Dľa prastarých a najnowssích, cirkewnými wrchnosťami odobrených prameňov spracowal Andrej Truchlý, kňaz biskupstwa b.=bystrického, farár na Sási Časť XI.

Bibliographic Details
Main Author: Truchlý, Andrej, 1841-1916 (Author)
Format: Book
Language:Slovak
PhysicalDescription:342 strán, 2 nečíslované strany 18 cm
Published: [Trnava] Nákladom Spolku sw. Adalberta (Wojtecha) 1899
Subjects:

MARC

LEADER 00000cam a2200000 4500
001 vtls001445821
003 SK-MaSNL
005 20260301203022.0
008 180810s1899 xo a f 00000 slo
015 |a SNBHFA 
035 |a SNK000401058 
040 |a SNK  |b slo  |c SNK  |e rda 
041 0 |a slo 
044 |a xo  |c SK 
072 7 |a 2  |x Náboženstvo  |2 konspekt 
080 |a 2-36-055.1  |2 2011 
100 1 |a Truchlý, Andrej,  |d 1841-1916  |4 aut  |9 56650 
245 1 0 |a Legenda čili Čítanie o Swätých a Wywolených Božích : Číslo 69. podieľových kníh  |n Časť XI.  |b S odobrením najdôst. Ordinariátu ostrihomského. Dľa prastarých a najnowssích, cirkewnými wrchnosťami odobrených prameňov spracowal Andrej Truchlý, kňaz biskupstwa b.=bystrického, farár na Sási 
264 1 |a [Trnava]  |b Nákladom Spolku sw. Adalberta (Wojtecha)  |c 1899 
264 3 |a W Uh. Skalici  |b Tlačou kníhtlačiarne Teslíka a Neumanna  |c 1899 
300 |a 342 strán, 2 nečíslované strany  |c 18 cm 
336 |a text  |b txt  |2 rdacontent 
337 |a bez média  |b n  |2 rdamedia 
338 |a zväzok  |b nc  |2 rdacarrier 
500 |a Živé záhlavie, signet vydavateľa, ozdobná linka, zložky 
510 4 |a BÚST 19. storočia  |c 14608 
650 0 7 |a svätci  |2 SNKPH  |9 1606 
752 |a Slovensko  |d Trnava 
752 |a Slovensko  |d Skalica 
852 |a snk  |p SD 348/11 ; SD 348/11 D1 ; SD 348/11 D2 
958 |a ONDV 
958 |a DF 
999 |c 901039  |d 902969 
952 |a SNK  |b SNK  |y PREZ  |7 0  |p 17A0481586  |o snkSD 348/11  |i snk1687/27  |0 0  |1 0  |4 0  |d 2005-08-11  |l 0  |r 2025-10-15 00:00:00  |w 2026-02-24 
952 |t P60, <04>, [BOOK], {604}  |a SNK  |b SNK  |y VYP  |7 0  |p 17A0366316  |o snkSD 348/11 D1  |0 0  |1 0  |4 0  |d 2002-12-05  |l 0  |r 2005-01-02 00:00:00  |w 2026-02-24 
952 |t P60, <04>, [BOOK], {604}  |a SNK  |b SNK  |y VYP  |7 0  |p 17A0366315  |o snkSD 348/11 D2  |0 0  |1 0  |4 0  |d 2002-12-05  |l 0  |r 2005-01-02 00:00:00  |w 2026-02-24 
952 |a SNKLM  |b SNKLM  |y NEVYP  |7 0  |o snklmMK 5063  |8 3  |0 0  |1 0  |4 0  |d 2006-09-19  |l 0  |r 2026-02-24 07:12:47  |w 2026-02-24